| 000 | 00380nam a2200145Ia 4500 | ||
|---|---|---|---|
| 008 | 240624s9999 xx 000 0 und d | ||
| 041 | _aeng | ||
| 082 | _a658 LUS | ||
| 100 | _aLUSSIER ROBERT N | ||
| 245 | _aMANAGEMENT FUNDAMENTALS CONCEPTS APPLICATIONS S | ||
| 250 | _a(6th ed.) | ||
| 260 |
_c2015 _aNew Delhi _bSage |
||
| 300 | _axxxiii, : 517 : p. : cm. ; 26 | ||
| 365 |
_c _b32 |
||
| 999 |
_c27847 _d27847 |
||